000 00603nam a2200217Ia 4500
003 IN-BaIIA
008 211028s9999 xx 000 0 eng d
020 _a9971-978-93-8
040 _cIIA Library
080 _a524.834
_bGAL-2
100 _aFang, Li Zhi
_913230
245 0 _aGalaxies, quasars and cosmology
_cLi Zhi Fang and Remo Ruffini
260 _aSingapore
_bWorld Scientific
_c1985
300 _avii, 221p.
650 _aAstronomy and astrophysics thesaurus
650 _aCosmology
650 _aGalaxies
_91286
650 _aQuasars
_91096
700 _aRuffini, Remo
_98607
942 _cBK
999 _c8955
_d8955